000 00644nam a2200241Ia 4500
003 OSt
005 20220926022928.0
006 a|||||r|||| 00| 0
007 ta
008 220923b |||||||| |||| 00| 0 eng d
037 _cGeneral Book
040 _aRTL
_cRTL
_beng
041 _2eng
_aeng
082 _aY7, K8
100 _aRapport Samuel
_9328413
245 0 _aAnthropology
260 _aNew York
_bWashington Square Press
_c1968
300 _axix, 332p
_ccm.
650 _aRace
700 _a Wright Helen Ed.
_9328414
942 _hY7, K8
_cGB
_2CC
999 _c640571
_d640571